000 01040cam a2200181 4500500
005 20260111093353.0
041 _afre
042 _adc
100 1 0 _aBenhessa, Ghislain
_eauthor
700 1 0 _aBittinger, Nathalie
_eauthor
245 0 0 _aQu’elle était verte ma vallée
260 _c2018.
500 _a92
520 _aLes médias et les réseaux sociaux donnent une portée mondiale à des désordres locaux, comme les bavures policières et les occupations de l’espace public. Leur traitement différencié par les autorités interrogent la capacité de ses mouvements à susciter des réformes.
520 _aMedias and social networks confer a worldwide reach to local disorders, such as police abuse and occupy movements. Their differentiated management by public authorities questions the ability of these movements to bring about reforms.
786 0 _nEsprit | Javier-Février | 1 | 2018-01-11 | p. 192-199 | 0014-0759
856 4 1 _uhttps://shs.cairn.info/revue-esprit-2018-1-page-192?lang=fr&redirect-ssocas=7080
999 _c1626206
_d1626206